| 000 | 01258nam a22002417a 4500 | ||
|---|---|---|---|
| 005 | 20260507070732.0 | ||
| 008 | 260506t2006 |||||||| |||| 00| 0 spa d | ||
| 020 | _a958695207X | ||
| 040 |
_aCO-BoUCM _bspa _cStefania Borbon _dStefania Borbon |
||
| 110 | 1 |
_aVillazón Godoy, Rafael _9189053 |
|
| 245 |
_aBiblioteca Universidad Jorge Tadeo Lozano : _barquitecto Daniel Bermúdez Samper / _cRafael Villazón Godoy |
||
| 246 | _aBiblioteca y auditorio Universidad Jorge Tadeo Lozano | ||
| 260 |
_aBogotá : _bEdiciones Uniandes, _c2006 |
||
| 300 |
_a172 páginas _bilustraciones |
||
| 490 | _aSerie Érase una vez un edificio... | ||
| 520 | _aLibro de la serie "Érase una vez un edificio..." que presenta el estudio del edificio de la biblioteca de la Universidad Jorge Tadeo Lozano, diseñado por el arquitecto Daniel Bermúdez Samper. Incluye una descripción detallada de la concepción técnica, el proceso constructivo y un recorrido fotográfico de la obra arquitectónica. | ||
| 650 | 4 |
_aArquitectura _zColombia _99424 |
|
| 650 | 4 |
_aBibliotecas _xEdificios _9189054 |
|
| 650 | 4 |
_aAuditorio _xEdificios _9189092 |
|
| 700 |
_aBermúdez Samper, Daniel _9189055 |
||
| 942 |
_2DEWEY _a17 _cLIBRO _e1 _h727.3 _mV727 |
||
| 999 |
_c326358 _d326358 |
||